Energy Systems Engineering : (Record no. 11256)
[ view plain ]
| 000 -LEADER | |
|---|---|
| fixed length control field | 01034cam a2200289 a 4500 |
| 001 - CONTROL NUMBER | |
| control field | 15192617 |
| 005 - DATE AND TIME OF LATEST TRANSACTION | |
| control field | 20160811142116.0 |
| 008 - FIXED-LENGTH DATA ELEMENTS--GENERAL INFORMATION | |
| fixed length control field | 080225s2008 nyua b 001 0 eng |
| 010 ## - LIBRARY OF CONGRESS CONTROL NUMBER | |
| LC control number | 2008008589 |
| 020 ## - INTERNATIONAL STANDARD BOOK NUMBER | |
| International Standard Book Number | 9780071495936 (alk. paper) |
| 020 ## - INTERNATIONAL STANDARD BOOK NUMBER | |
| International Standard Book Number | 0071495932 (alk. paper) |
| 035 ## - SYSTEM CONTROL NUMBER | |
| System control number | (OCoLC)ocn173807634 |
| 035 ## - SYSTEM CONTROL NUMBER | |
| System control number | (OCoLC)173807634 |
| 040 ## - CATALOGING SOURCE | |
| Original cataloging agency | DLC |
| Transcribing agency | DLC |
| Modifying agency | YDXCP |
| -- | BTCTA |
| -- | BAKER |
| -- | C#P |
| -- | BWX |
| -- | DLC |
| 050 00 - LIBRARY OF CONGRESS CALL NUMBER | |
| Classification number | TJ163.9 |
| Item number | .V36 2008 |
| 082 00 - DEWEY DECIMAL CLASSIFICATION NUMBER | |
| Classification number | 621.4 |
| Edition number | 22 |
| Item number | VAN |
| 100 1# - MAIN ENTRY--PERSONAL NAME | |
| Personal name | Vanek, Francis M. |
| 9 (RLIN) | 3496 |
| 245 10 - TITLE STATEMENT | |
| Title | Energy Systems Engineering : |
| Remainder of title | Evaluation and Implementation / |
| Statement of responsibility, etc | Francis M. Vanek, Louis D. Albright. |
| 260 ## - PUBLICATION, DISTRIBUTION, ETC. (IMPRINT) | |
| Place of publication, distribution, etc | New York : |
| Name of publisher, distributor, etc | McGraw-Hill, |
| Date of publication, distribution, etc | c2008. |
| 300 ## - PHYSICAL DESCRIPTION | |
| Extent | xx, 532 p. : |
| Other physical details | ill. ; |
| Dimensions | 25 cm. |
| 504 ## - BIBLIOGRAPHY, ETC. NOTE | |
| Bibliography, etc | Includes bibliographical references and index. |
| 650 #0 - SUBJECT ADDED ENTRY--TOPICAL TERM | |
| Topical term or geographic name as entry element | Power (Mechanics) |
| 9 (RLIN) | 3497 |
| 650 #0 - SUBJECT ADDED ENTRY--TOPICAL TERM | |
| 9 (RLIN) | 3498 |
| Topical term or geographic name as entry element | Energy conservation |
| 700 1# - ADDED ENTRY--PERSONAL NAME | |
| Personal name | Albright, Louis D. |
| 9 (RLIN) | 3499 |
| 942 ## - ADDED ENTRY ELEMENTS (KOHA) | |
| Source of classification or shelving scheme | Dewey Decimal Classification |
| Item type | Book - Borrowing |
| Withdrawn status | Item status | Source of classification or shelving scheme | Damaged status | Not for loan | Vendor | Home library | Current library | Shelving location | Date acquired | Source of acquisition | Cost, normal purchase price | Serial Enumeration / chronology | Total Checkouts | Total Renewals | Full call number | Barcode | Date last seen | Date last borrowed | Koha item type | Materials specified (bound volume or other part) |
|---|---|---|---|---|---|---|---|---|---|---|---|---|---|---|---|---|---|---|---|---|
| Dewey Decimal Classification | Baccah | Central Library | Central Library | First floor | 09/04/2009 | 576.00 | 7117 | 1 | 5 | 621.4 VAN | 000015860 | 15/07/2025 | 19/02/2020 | Book - Borrowing | ||||||
| Lost | Dewey Decimal Classification | Alahram | Central Library | Central Library | First floor | 30/05/2009 | 567.00 | 358 | 3 | 22 | 621.4 VAN | 000016545 | 24/08/2022 | 12/11/2018 | Book - Borrowing | Lost_In_Inventory_12-2-2024 |